Lettres de l'alphabet grec ancien en 30 secondes - Statistiques

Statistiques générales
  • Ce quiz a été pris 1 230 fois
  • Le résultat moyen est 10 sur 24
Statistiques - réponses
Majuscule Nom de la lettre % Correct
Α Alpha
100%
Β Bêta
99%
Δ Delta
86%
Γ Gamma
80%
Ε Epsilon
74%
Ω Oméga
48%
Η Êta
44%
M Mu
41%
N Nu
39%
Θ Thêta
35%
Ι Iota
33%
Π Pi
33%
Λ Lambda
31%
K Kappa
29%
O Omicron
28%
Ζ Dzêta
27%
Φ Phi
27%
Ξ Xi
24%
Ψ Psi
20%
P Rhô
20%
Σ Sigma
19%
Y Upsilon
18%
T Tau
14%
X Khi
10%
Aucun quiz correspondant
Distribution des résultats
% des personnes avec chaque résultat
Percentile par nombre de réponses
Votre historique - résultats
Vous n’avez pas pris ce quiz